000 00554nam a2200205Ia 4500
003 OSt
005 20221007112240.0
006 a|||||r|||| 00| 0
007 ta
008 221006b |||||||| |||| 00| 0 eng d
024 _a25,668
037 _cBound Volume
040 _aLCO
_cLCO
_beng
041 _2eng
_aeng
245 4 _aTHE DELHI LAW TIMES
260 _aDelhi
_bD.L.T. publication India
_c1965
490 _v1077260, 1077261 53, 54, 55 -1994
942 _cCR
999 _c1195231
_d1195231